| 000 | 004820000a22001930004500 | ||
|---|---|---|---|
| 003 | LK-CoMWRAF | ||
| 005 | 20231103151127.0 | ||
| 008 | 230817t ||||| |||| 00| 0 eng d | ||
| 020 | _a0732268214 | ||
| 040 |
_aLK-CoMWRAF _dLK-CoMWRAF _eLK-CoMWRAF |
||
| 041 | _aeng | ||
| 082 |
_a823 _bLEH |
||
| 100 | _aLe Hunte, Bem | ||
| 245 | _aThe Seduction of silence | ||
| 260 |
_aAustralia : _bHarperCollins, _c2000 |
||
| 300 | _a419p | ||
| 650 | _aEnglish Fiction--Indian | ||
| 942 | _cBK | ||
| 999 |
_c1604 _d1604 |
||